| 000 | 01090nam a22002175i 4500 | ||
|---|---|---|---|
| 001 | 157117 | ||
| 003 | ES-MaACL | ||
| 005 | 20250824063052.0 | ||
| 008 | 020401s1868 sp |||| | spa d | ||
| 040 |
_aCAM _bspa _cCAM |
||
| 100 | 1 |
_aLarra y Wetoret, Luis Mariano de, _d1830-1901 _970289 |
|
| 245 | 1 | 4 |
_aLos misterios del Parnaso _b: revista crítica en un acto y en verso / _cletra de Luis Mariano de Larra ; música de Emilio Arrieta. |
| 260 |
_aMadrid : _b[s.n.], _c1868 ( _fImprenta de José Rodríguez) |
||
| 300 |
_a34 p. ; _c19 cm. |
||
| 500 | _aEn port.: Representada por primera vez en el teatro de los Bufos Arderius (Circo) el 5 de setiembre de 1868. | ||
| 500 | _aSolo la letra. | ||
| 596 | _aAl v. de port. consta : "... Galerías Dramáticas y Líricas de los Sres. Gullon é Hidalgo..." | ||
| 700 | 1 |
_aArrieta, Emilio, _d1821-1894 _9224497 |
|
| 852 |
_aES-MaACL _jF-8608(1) _z-- Enc. pasta española _q-- Falto de la cub. original _z-- Enc. en un vol. facticio formando parte de la col. facticia "Teatro español moderno", vol. 63 |
||
| 999 |
_c157117 _d157117 |
||